<?xml version="1.0" encoding="UTF-8"?>
<marc:record xmlns:marc="http://www.loc.gov/MARC21/slim">
   <marc:leader>00000nam a2200000 a 4500</marc:leader>
   <marc:datafield ind1="1" ind2=" " tag="100">
      <marc:subfield code="a">Lvovsky, Noemie</marc:subfield>
   </marc:datafield>
   <marc:datafield ind1="1" ind2=" " tag="100">
      <marc:subfield code="a">Higelin, Izia</marc:subfield>
   </marc:datafield>
   <marc:datafield ind1="1" ind2=" " tag="100">
      <marc:subfield code="a">De France, Cecile</marc:subfield>
   </marc:datafield>
   <marc:datafield ind1="1" ind2=" " tag="100">
      <marc:subfield code="a">Corsini, Catherine</marc:subfield>
   </marc:datafield>
   <marc:datafield ind1="0" ind2="0" tag="245">
      <marc:subfield code="a">La Belle Saison - Eine Sommerliebe</marc:subfield>
   </marc:datafield>
   <marc:datafield ind1="0" ind2="0" tag="245">
      <marc:subfield code="c">Darst.: Cecile de France ; Izia Higelin ; Noemie Lvovsky ... Regie: Catherine Corsini</marc:subfield>
   </marc:datafield>
   <marc:datafield ind1=" " ind2="1" tag="264">
      <marc:subfield code="a">München</marc:subfield>
      <marc:subfield code="b">Alamode Filmdistibution</marc:subfield>
      <marc:subfield code="c">2016</marc:subfield>
   </marc:datafield>
   <marc:datafield ind1="1" ind2=" " tag="520">
      <marc:subfield code="a">Im Frankreich der 1970er Jahre zieht die 23-jährige Delphine (Izïa Higelin) vom Bauernhof ihrer Eltern nach Paris, um Engstirnigkeit und ländlichen Moralvorstellungen zu entkommen. Dort lernt sie die extrovertierte Carole (Cécile de France) kennen, mit der sie sich gemeinsam in der Frauenrechtsbewegung engagiert und sich sogleich unsterblich in sie verliebt. Es dauert nicht lange, bis auch Carole, die noch nie mit einer Frau zusammen war, ihre Gefühle für Delphine entdeckt. Ihre stürmische Affäre wird jäh unterbrochen, als Delphines Vater (Jean-Henri Compère) schwer erkrankt und sie aufs Land zurückkehren muss, um ihrer Mutter (Noémie Lvovsky) bei der Arbeit auf dem elterlichen Bauernhof zu helfen. Von Sehnsucht getrieben, beschließt Carole ihren langjährigen Freund zu verlassen und Delphine zu folgen. Für die beiden Frauen beginnt ein Sommer voller leidenschaftlicher und glücklicher Momente. Als das idyllische Landleben jedoch erste Schattenseiten zeigt, muss Delphine schon bald entscheiden, wie offen sie zu ihrer Liebe stehen kann.</marc:subfield>
   </marc:datafield>
   <marc:datafield ind1=" " ind2=" " tag="020">
      <marc:subfield code="a">4042564168266</marc:subfield>
      <marc:subfield code="9">4042564168266</marc:subfield>
   </marc:datafield>
   <marc:datafield ind1="3" ind2=" " tag="024">
      <marc:subfield code="a">4042564168266</marc:subfield>
   </marc:datafield>
   <marc:datafield ind1=" " ind2=" " tag="500">
      <marc:subfield code="a">1 DVD  / Frankreich ; Belgien</marc:subfield>
   </marc:datafield>
   <marc:datafield ind1="0" ind2=" " tag="490">
      <marc:subfield code="v">0</marc:subfield>
   </marc:datafield>
   <marc:datafield ind1=" " ind2=" " tag="300">
      <marc:subfield code="a">1 DVD (PAL, Ländercode 2, 103 Min.) : farbig, mit Ton</marc:subfield>
   </marc:datafield>
</marc:record>
